| 000 | 00640nam a2200205Ia 4500 | ||
|---|---|---|---|
| 003 | GCL | ||
| 008 | 140319s9999 xx 000 0 ara d | ||
| 020 | _a6378209960 | ||
| 040 |
_aGCL / _cGCL |
||
| 082 | 0 | 4 |
_a658.45 _bح ت |
| 100 | 1 | _aحسن محمد وجيه | |
| 245 | 1 | 0 |
_aالتفاوض وادارة المقابلات / _cحسن محمد وجيه |
| 250 | _aالثانية | ||
| 260 |
_aالرياض : _bمكتبة العبيكان ، _c2001 |
||
| 300 |
_a271 ص ؛ _c20 سم |
||
| 650 | 0 | 4 | _aادارة الاعمال |
| 650 | 0 | 4 | _aالمقابلات |
| 650 | 0 | 4 | _aالمفاوضات - تنظيم وادارة |
| 942 |
_2ddc _cBK |
||
| 999 |
_c3874 _d3874 |
||